000
00301 a2200133 4500
001
57471
082
_a
657.72 WIL
090
_c
35203
_d
35203
100
_a
Tony Wild
245
_a
Best practice in inventory management
260
_a
Oxford
_b
Buttorworth
_c
1998
300
_a
240p.
500
_a
DOS
942
_a
NUST-CAE
_k
657.72 WIL
999
_c
292544
_d
292544